| 000 | 00509nam a2200205 i 4500 | ||
|---|---|---|---|
| 001 | bg | ||
| 100 | 1 | _aWOSKOWSKI, Jan | |
| 245 | 0 |
_aSocjologia / _cJan Woskowski. |
|
| 250 | _aWyd. 2 zm. i rozsz. | ||
| 260 |
_aWarszawa : _bPaństwowe Zakłady Wydawnictw Szkolnych, _c1972. |
||
| 300 |
_a285 s. ; _c25 cm. |
||
| 504 | _aIndeksy. | ||
| 650 | 9 | _aSocjologia | |
| 655 | _aPodręczniki | ||
| 040 | _cBPK | ||
| 041 | 0 | _apol | |
| 080 | _a316(07) | ||
| 942 | _cKS | ||
| 008 | s pl f |000 0 pol | ||
| 999 |
_c46491 _d46491 |
||
| 856 |
_uhttp://koha.tu.koszalin.pl/cgi-bin/koha/opac-detail.pl?biblionumber=46491 _yKatalog online BPK |
||